000 00646cam a2200169 4500500
005 20260111080340.0
041 _afre
042 _adc
100 1 0 _aAssouline, Guylaine
_eauthor
245 0 0 _aLa responsabilité démocratique des comptables publics dans un contrôle de plus en plus automatisé
260 _c2019.
500 _a81
690 _acomptabilité publique
690 _aresponsabilité des comptables publics
786 0 _nGestion & Finances Publiques | 5 | 5 | 2019-10-21 | p. 64-69 | 1969-1009
856 4 1 _uhttps://droit.cairn.info/revue-gestion-et-finances-publiques-2019-5-page-64?lang=fr&redirect-ssocas=7080
999 _c1616200
_d1616200